00937cam a22002411 45000010005000000030008000050050017000130080039000300350018000690400032000870410008001190820025001271000018001522450127001702600038002973000031003355000077003665040051004436500023004947000029005177000027005468560122005731731BD-RjUL20211208233411.0131209s1962 nyua b 001 0 eng a(BD-RjUL)1758 aDLCcDLCdDLCdBD-RjULbeng aeng00a301.15216bKRI 19621 aKrech, David.10aIndividual in society :bA textbook of social psychology /cDavid Krech, Richard S. Crutchfield, and Egerton L. Ballachey. aNew York :bMcGraw-Hill ,cc1962. a564 p. :billus. ;c24 cm. aPublished in 1948 under title: Theory and problems of social psychology. aIncludes bibliographical references and index. 0aSocial psychology. aCrutchfield, Richard S.  aBallachey, Egerton L.  uhttp://www.worldcat.org/title/individual-in-society-a-textbook-of-social-psychology/oclc/255072&referer=brief_results